Normal view MARC view
  • Adithan M. & Pabla B.S

Entry Corporate Name

Number of records used in: 1

001 - CONTROL NUMBER

  • control field: 128962

003 - CONTROL NUMBER IDENTIFIER

  • control field: OSt

005 - DATE AND TIME OF LATEST TRANSACTION

  • control field: 20230313121927.0

008 - FIXED-LENGTH DATA ELEMENTS

  • fixed length control field: 230313|| aca||aabn | a|a d

040 ## - CATALOGING SOURCE

  • Original cataloging agency: OSt
  • Transcribing agency: OSt

110 ## - HEADING--CORPORATE NAME

  • Corporate name or jurisdiction name as entry element: Adithan M. & Pabla B.S

670 ## - SOURCE DATA FOUND

  • Source citation: Work cat.: (OSt)103742: Adithan M. 116382, CNC Machines, 2009